Sports Quiz

Random Sports Quiz

Toughest Sports Quiz Stats

 Plays Quiz not verified by Sporcle

Challenge
Share
Tweet
Embed
Score 0/15 Timer 05:00
0 Plays Today
Rank Sport % Correct
3Football
74%
1Boxing
70.9%
2Ice Hockey
61.4%
4Basketball
60.6%
10Soccer
40.2%
9Baseball
38.6%
7Tennis
24.4%
5Wrestling
22.8%
Rank Sport % Correct
13Rugby
22.8%
14Lacrosse
18.9%
8Gymnastics
15%
11Skiing
10.2%
12Water Polo
9.4%
6Martial Arts
8.7%
15Rodeo
7.9%

You're not logged in!

Compare scores with friends on all Sporcle quizzes.
OR
Log In

You Might Also Like...

Show Comments

Extras

Created May 8, 2010SourceReportNominate
Tags:Athletes

Top Quizzes Today


Score Distribution

Your Account Isn't Verified!

In order to create a playlist on Sporcle, you need to verify the email address you used during registration. Go to your Sporcle Settings to finish the process.

Report this User

Report this user for behavior that violates our Community Guidelines.

Details: